| 000 | 00983nam a2200241 i 4500 | ||
|---|---|---|---|
| 001 | 122880 | ||
| 003 | ES-MaACL | ||
| 005 | 20250825081900.0 | ||
| 007 | t| | ||
| 008 | 070214s1922 sp |||| | spa d | ||
| 080 | _a070:061.231(460.27 M.)(091) | ||
| 100 | 1 |
_aPulido, Ángel, _d1852-1932 _9149324 |
|
| 245 | 1 | 0 |
_aServicio Médico de la Asociación de la Prensa _b: conferencia dada en el Ateneo de Madrid el 31 de diciembre de 1921 / _cÁngel Pulido Fernández. |
| 260 |
_aMadrid : _b[s.n.], _c1922 ( _fEst. tip. de "El Liberal") |
||
| 300 |
_a44 p. ; _c23 cm. |
||
| 530 | _aDisponible en formato digital. | ||
| 610 | 2 | 4 |
_aAsociación de la Prensa de Madrid _91608 |
| 610 | 2 | 4 |
_aAteneo de Madrid- _vConferencias- _y1900-1939 _91907 |
| 852 |
_aES-MaACL _j1626-F-14 _9127443 _cDEPOF _zRevisado enalace: 012 de Abril de 2025. |
||
| 856 |
_uhttp://bdh-rd.bne.es/viewer.vm?id=0000206330&page=1 _yBiblioteca Digital Hispánica |
||
| 942 | _2udc | ||
| 999 |
_c122880 _d122880 |
||